000 01585nam0a2200349 4500
001 RU\NLR\bibl\873294
005 20250614162709.0
010 _a5-699-11060-7
_93100
021 _aRU
_b2005-66351
_93267
035 _a(NLR Aleph) 000861906
090 _a1545192
_c1545192
100 _a20051116d2005 |||y0rusy50 ca
101 0 _arus
102 _aRU
105 _ay |||||||||
200 1 _aДеньги. Кредит. Финансы.
_eучебник
_fС.В. Галицкая
_gпод ред. проф., д.э.н. Качаловой Е.Ш.
210 _aМосква
_cЭксмо
_d2005
215 _a494, [1] c.
_d22
225 1 _aВысшее экономическое образование
320 _aБиблиогр. в конце кн. (92 назв.)
606 1 _aДеньги
_jУчебники для высших учебных заведений
_yРоссийская Федерация
_92097871
_3RU\NLR\auth\661269142
606 1 _aКредит
_jУчебники для высших учебных заведений
_yРоссийская Федерация
_92097873
_3RU\NLR\auth\661269143
606 1 _aФинансы
_jУчебники для высших учебных заведений
_yРоссийская Федерация
_92073627
_3RU\NLR\auth\661248550
686 _aУ26(2)26я73
686 _aУ26(2)22я73
686 _aУ26(2)я73
700 1 _aГалицкая
_bС. В.
_gСветлана Викторовна
_4070
801 0 _aRU
_bNLR
_c20051116
_grcr
801 1 _aRU
_bNLR
_c20051116
942 _cBOOK
980 _aNB